NHL Players - Statistics

General Stats
  • This quiz has been taken 31 times
  • The average score is 7 of 15
Answer Stats
Hint Answer % Correct
#87 Sidney Crosby
95%
#34 Auston Matthews
80%
#97 Connor McDavid
75%
#86 Jack Hughes
65%
#43 Luke Hughes
65%
#16 Mitch Marner
65%
#43 Quinn Hughes
65%
#98 Connor Bedard
50%
#22 Cole Caufield
30%
#7 Brady Tkachuk
25%
#19 Matthew Tkachuk
25%
#13 Nico Hischier
25%
#11 Trevor Zegras
20%
#9 Jamie Drysdale
5%
#9 Josh Norris
0%
No matching quizzes found
Score Distribution
Percent of People with Each Score
Percentile by Number Answered
Your Score History
You have not taken this quiz